Statystyki dla Państwa z największą liczbą śmierci w wyniku konfliktów

Kliknij tutaj aby rozwiązać quiz!

Ogólne statystyki

  • Ten quiz został rozwiązany 18 250 razy
    (7 670 od ostatniego zresetowania)
  • Średni wynik to 6 z 12

Statystyki odpowiedzi

#Kraj% Poprawnych
49 tys.Irak
88%
130 tys.Syria
79%
190 tys.Afganistan
77%
23 tys.Somalia
50%
170 tys.Meksyk
48%
91 tys.Jemen
47%
18 tys.D. R. Konga
46%
30 tys.Nigeria
46%
8,8 tys.Libia
42%
13 tys.Sudan Południowy
41%
28 tys.Etiopia
38%
18 tys.Mjanma
18%

Rozkład punktacji

Percentyl według liczby udzielonych odpowiedzi

Procent ludzi z każdym wynikiem

Twoja historia wyników

Nie rozwiązałeś tego quizu od ostatniego zresetowania